000
00279nam a2200109Ia 4500
005
20251222154425.0
008
251222s9999||||xx |||||||||||||| ||spa||
082
_a
641.5/D69
100
_a
"Díaz-Cañabate, Antonio"
245
0
_a
Paseillo por el planeta de los toros
942
_c
LIB
999
_c
36178
_d
36178